| 000 | 00359nam a22000977a 4500 | ||
|---|---|---|---|
| 999 |
_c516703 _d516703 |
||
| 082 | _aTNC T0x43 B634 | ||
| 100 |
_aBohme, Helmut _923270 |
||
| 245 |
_aAn introduction to the social and economic history of Germany : _bPolitics and economic change in the nineteenth and twentieth centuries _cBy Helmut Bohme |
||
| 260 |
_aNew York _bSt. Martin _c1978 |
||
| 300 | _a171p. | ||